Movies Quiz

Random Movies Quiz
Score 0/32 Timer 08:00
0 Plays Today
Hint Answer % Correct
What is Jonathan Mardukas' nickname?The Duke
95.9%
How much money did the bail bondsman agree to pay Jack to return John Mardukas by midnight Friday?$100,000
91.1%
Where does Jack Walsh have to bring Jonathan Mardukas by Friday midnight?Los Angeles
90.2%
What is Jonathan Mardukas' profession?Accountant
87.8%
What does Jonathan Mardukas order at the diner in Amarillo that cost 53 cents?Tea
83.1%
With which city's police department was Jack unpopular?Chicago
82.2%
What does Jack tell Jonathan he is going to suffer from after Jonathan lists all of his supposed phobias?Fistaphobia
80.5%
In what city does Jack find Jonathan Mardukas?New York
80.5%
What is the name of the bail bondsman?Eddie Mascone
74.8%
Who lied first?Jonathan
72.4%
What food does Jerry always say he's going out to get?Donuts
72.4%
What broken item does Jack give Jonathan at the end of the movie?Watch
69.9%
What is the name of the mobster that Jonathan Mardukas stole money from?Jimmy Serrano
69.1%
What is the name of the main FBI agent?Alonzo Mosley
69.1%
What dish does Jonathan want to order at the diner, but they don't have enough money?Chorizo and Eggs
66.7%
What does the mobster say he will bury in his lawyer's head?Phone
66.7%
Hint Answer % Correct
What is the other bounty hunter's name?Marvin Dorfler
65.9%
What is Jack going to do with the money he will receive for returning Jonathan?Open a Coffee Shop
63.4%
What does Jack claim to have in order to entice the mobster to the airport?Computer disks
62.6%
What drink does the mobster tell his lawyer to drink to relax?Cream Soda
59.3%
Jonathan gives Jack 'in the neighborhood of' what amount of money at the end of the movie?$300,000
59.3%
What is the mobster's lawyer's name?Sidney
55.3%
How much money did Jonathan steal?$15 million
48.8%
What is the last line of the movie?Looks like I'm walkin'
48%
What nickname does Jack refer to the FBI agent as because of his sunglasses?Agent Foster Grant
39%
What is the name of the airport in Las Vegas?McCarran International Airport
37.4%
Name one of the two henchmen sent by the mobster to get Jonathan back.Joey and Tony
35.8%
What does one of the henchmen call himself when he tries on the helicopter pilot's cowboy hat?Hopalong Cassideech
35.8%
What is Jack Walsh's middle name?Wesley
32.5%
When Jonathan asks the owner of Red's Corner Bar why they call him Red, how does he respond? (Quote)It's short for Redwood. My last name's Wood.
28.5%
What is the name of the Chinese Restaurant where and Jack and the bail bondsman have breakfast/early lunch?Chen Lu's
21.1%
How does Jonathan say hello to the Native Americans in the pickup truck?Yahey
20.3%
Remove Ads.
Support Sporcle.
Get the best of Sporcle when you Go Orange. This ad-free experience offers more features, more stats, and more fun while also helping to support Sporcle. Thank you for becoming a member.

You're not logged in!

Compare scores with friends on all Sporcle quizzes.
OR
Log In

Show Comments

Extras

Created Aug 13, 2016ReportNominate
Tags:Comedy Movie, Robert De Niro

Top Quizzes Today


Score Distribution

Your Account Isn't Verified!

In order to create a playlist on Sporcle, you need to verify the email address you used during registration. Go to your Sporcle Settings to finish the process.

Report this User

Report this user for behavior that violates our Community Guidelines.

Details: